000
00504nam a2200145Ia 4500
008
100204s9999 xx 000 0 und d
082
_b
17465
100
_a
हांडे आनंद
245
_a
सौंदर्य सम्राज्ञी
260
_b
"सत्यजय प्रकाशन , मुंबई"
_c
1994
300
_a
167
630
_a
सौंदर्य सम्राज्ञी
730
_a
सौंदर्य सम्राज्ञी
942
_c
BOOK
999
_c
461888
_d
461885